Groupes de cinq aléatoires - Géographie - Statistiques

Statistiques générales
  • Ce quiz a été pris 31 099 fois
  • Le résultat moyen est 18 sur 30
Statistiques - réponses
Catégorie Réponse % Correct
Pays les plus peuplés Chine
96%
Plus grandes villes d'Allemagne Berlin
95%
Pays les plus peuplés Inde
95%
Pays nordiques Norvège
95%
Pays nordiques Suède
95%
Plus grandes villes du Japon Tokyo
95%
Pays méditerranéens en Afrique Algérie
94%
Pays nordiques Finlande
94%
Pays méditerranéens en Afrique Maroc
94%
Pays nordiques Danemark
92%
Pays méditerranéens en Afrique Égypte
92%
Plus longs fleuves qui coulent en France Seine
92%
Pays méditerranéens en Afrique Tunisie
92%
Pays les plus peuplés États-Unis
91%
Pays frontaliers du Pérou Brésil
90%
Pays frontaliers du Pérou Chili
90%
Pays nordiques Islande
90%
Langues romanes les plus parlées Français
88%
Pays frontaliers du Pérou Colombie
87%
Langues romanes les plus parlées Espagnol
86%
Départements d'outre-mer français Guadeloupe
86%
Langues romanes les plus parlées Italien
86%
Départements d'outre-mer français La Réunion
86%
Pays méditerranéens en Afrique Libye
86%
Départements d'outre-mer français Martinique
86%
Plus longs fleuves qui coulent en France Rhône
86%
Pays frontaliers du Pérou Bolivie
83%
Plus longs fleuves qui coulent en France Loire
82%
Plus grandes villes d'Allemagne Munich
82%
Plus longs fleuves qui coulent en France Rhin
82%
Pays frontaliers de la Croatie Slovénie
82%
Pays frontaliers du Pérou Équateur
81%
Plus grandes villes du Canada Montréal
81%
Plus grandes villes du Canada Ottawa
81%
Plus grandes îles des Caraïbes Cuba
80%
Pays frontaliers de la Croatie Serbie
80%
Départements d'outre-mer français Guyane
79%
Pays frontaliers de la Croatie Bosnie-Herzégovine
78%
Pays les moins peuplés Vatican
76%
Plus grandes villes du Canada Toronto
75%
Départements d'outre-mer français Mayotte
74%
Langues romanes les plus parlées Portugais
73%
Départements des Hauts-de-France Nord
72%
Plus grandes îles des Caraïbes Hispaniola
70%
Plus grandes îles des Caraïbes Jamaïque
70%
États américains du Golfe du Mexique Texas
70%
États américains du Pacifique Californie
69%
Pays frontaliers de la Croatie Monténégro
69%
Pays de la mer Caspienne Russie
69%
Pays frontaliers du Kenya Éthiopie
68%
Pays frontaliers du Kenya Somalie
68%
Pays frontaliers du Kenya Tanzanie
68%
États américains du Golfe du Mexique Floride
67%
Pays frontaliers de la Croatie Hongrie
64%
Départements des Hauts-de-France Pas-de-Calais
64%
Plus grandes villes d'Allemagne Francfort-sur-le-Main
63%
Pays les plus peuplés Indonésie
62%
Plus grandes villes du Japon Osaka
61%
Types de climats (classification de Köppen) Tropical
61%
Pays les plus peuplés Pakistan
59%
Plus grandes villes d'Allemagne Hambourg
58%
États américains du Pacifique Hawaï
58%
Pays les moins peuplés Saint-Marin
57%
États américains du Pacifique Washington
57%
Pays frontaliers du Kenya Ouganda
56%
Pays frontaliers du Kenya Soudan du Sud
54%
Pays de la mer Caspienne Azerbaïdjan
53%
Pays de la mer Caspienne Kazakhstan
53%
Pays de la mer Caspienne Iran
49%
États américains du Golfe du Mexique Louisiane
49%
Pays de la mer Caspienne Turkménistan
49%
Départements des Hauts-de-France Somme
47%
États américains du Pacifique Alaska
46%
Capitales d'Asie commençant par A Ankara
45%
Capitales commençant par La ou Le La Havane
44%
Départements des Hauts-de-France Oise
44%
Types de climats (classification de Köppen) Tempéré
44%
Plus grandes villes d'Allemagne Cologne
42%
Capitales commençant par La ou Le Le Caire
41%
Pays les moins peuplés Nauru
41%
Langues romanes les plus parlées Roumain
41%
Grands lacs d'Amérique du Nord Michigan
40%
États américains du Pacifique Oregon
40%
Types de climats (classification de Köppen) Sec
39%
Départements des Hauts-de-France Aisne
38%
États américains du Golfe du Mexique Mississippi
38%
Grands lacs d'Amérique du Nord Supérieur
38%
États américains du Golfe du Mexique Alabama
37%
Capitales commençant par La ou Le La Valette
36%
Pays les moins peuplés Tuvalu
36%
Types de climats (classification de Köppen) Continental
35%
Capitales commençant par La ou Le La Paz
35%
Capitales commençant par La ou Le Le Cap
33%
Capitales d'Asie commençant par A Astana
32%
Plus grandes îles des Caraïbes Trinité
31%
Pays les moins peuplés Palaos
29%
Grands lacs d'Amérique du Nord Érié
26%
Capitales d'Asie commençant par A Amman
25%
Plus grandes îles des Caraïbes Porto Rico
25%
Grands lacs d'Amérique du Nord Ontario
24%
Capitales d'Asie commençant par A Abou Dabi
23%
Capitales d'Asie commençant par A Achgabat
21%
Plus grandes villes du Canada Calgary
21%
Types de climats (classification de Köppen) Polaire
20%
Plus longs fleuves qui coulent en France Meuse
19%
Plus grandes villes du Japon Nagoya
17%
Plus grandes villes du Canada Edmonton
16%
Grands lacs d'Amérique du Nord Huron
16%
Plus grandes villes du Japon Sapporo
15%
Plus grandes villes du Japon Yokohama
10%
Aucun quiz correspondant
Distribution des résultats
% des personnes avec chaque résultat
Percentile par nombre de réponses
Votre historique - résultats
Vous n’avez pas pris ce quiz